000 00469nam a2200169Ia 4500
008 240729s9999 xx 000 0 und d
022 _a1805-9392
245 0 _aVeterinární Medicína
260 _aCzechia
260 _bCzech Academy of Agricultural Sciences
650 _a Animal culture
650 _a Veterinary medicine
650 _aAgriculture
856 _uhttps://doaj.org/toc/c8e8ccaedbd940b49dd8f644bcf72b1f
942 _2ddc
942 _cDOAJEJ
999 _c73014
_d73014
945 _a1
_bMadushi Gamage
_c1
_dMadushi Gamage